000 00965nam a22001937a 4500
999 _c59170
_d59170
003 Ge_BSU
005 20221201154040.0
008 221201s1982ge xxu||||| |||| 00| 0 geo d
041 _ageo
080 _a821.351.12-32 გ-19
100 _aგამზათოვი, რასულ, ავტ
_916291
245 _aჩემი დაღესტანი /
_cრასულ გამზათოვი, თარგმნა თ. ჩიჯავაძემ, ლექსების თარგმანი შ. ნიშნიანიძისა
264 _aთბილისი :
_bსაბჭ. საქართველო,
_c1982.
300 _a347 გვ. ;
_b 22 სმ.
653 _aჩემი დაღესტანი
700 _aჩიჯავაძე, თ
_eმთარგმნელი
_916292
700 _aნიშნიანიძე, შ
_eლექსების მთარგმნელი
_93986
942 _2udc
_cBK